• 首页
  • 本馆介绍
  • 公告通知
  • 最新文献
  • 馆藏检索
  • 电子资源
  • 读者导购
  • 参考咨询
  • 我的图书馆
  • 登录
  • 详细信息显示
  • 放入我的书架
  • 预约/预借图书
  • 作者相关作品
  • 分类相关作品
  • 丛书相关作品
  • 出版社相关作品

书目信息

  • 表格格式
  • 工作单格式
  • 卡片格式
题名:
教师健康小百科
    
 
作者: 林万衡 主编
分册:  
出版信息: 上海   文汇出版社  2001
页数: 215页
开本: 20cm
丛书名:
单 册:
中图分类: G478.2 , R161
科图分类:
主题词: 教师--保健--基本知识 , 教师 , 保健 , 个人卫生
电子资源:
ISBN: 7-80676-041-5
000 00794nam0 2200265 450
001 1574305763
005 20150129204857.21
010    @a7-80676-041-5@dCNY12.00
100    @a20020611d2001 em y0chiy0110 ea
101 0  @achi
102    @aCN@b310000
105    @ay z 000yy
200 1  @a教师健康小百科@9jiao shi jian kang xiao bai ke@f林万衡等主编
210    @a上海@c文汇出版社@d2001
215    @a215页@d20cm
330    @a本书主要内容有:教师应防亚健康;教师怎样保护嗓音;女教师的保健;教师颈、肩、腰腿病的防治;教师要重视心律失常的防治等。
606 0  @a教师@x保健@x基本知识
606 0  @a教师
606 0  @a保健
606 0  @a个人卫生
690    @aG478.2@v5
690    @aR161@v4
701  0 @a林万衡@9lin wan heng@4主编
801  0 @aCN@bTSSF@c20150129
905    @aZUCC@dR161@eJY204
    
    教师健康小百科/林万衡等主编.-上海:文汇出版社,2001
    215页;20cm
    
    
    ISBN 7-80676-041-5:CNY12.00
    本书主要内容有:教师应防亚健康;教师怎样保护嗓音;女教师的保健;教师颈、肩、腰腿病的防治;教师要重视心律失常的防治等。
●
相关链接 在E读中查询图书 在五车中查询图书 在当当中查询图书 在豆瓣中查询图书


正题名:教师健康小百科     索取号:R161/JY204         预约/预借

序号 登录号 条形码 馆藏地/架位号 状态 备注
1 7861562   278615624   学院路分馆/ [索取号:R161/JY204] 在馆    
2 7861563   278615633   学院路分馆/ [索取号:R161/JY204] 在馆    
3 7861564   278615642   学院路分馆/ [索取号:R161/JY204] 在馆    
4 7861565   278615651   学院路分馆/ [索取号:R161/JY204] 在馆    
唐山师范学院图书馆 欢迎您!
大连网信软件有限公司© 版权所有